000 00442nam a2200181Ia 4500
005 20240327134740.0
008 131103s9999 xx 000 0 und d
040 _aLoreto College
041 _aEnglish
082 _a170
_bHAR
100 _aHaring, Bernard
245 _aWhat Does Christ Want?
_cBernard Haring
260 _aNew York
_bAve Maria
_c1968
300 _a175p.
650 _aMoral science
850 _aLCBED
942 _cBK
999 _c32100
_d82579